000 00950nam a2200301 i 4500
003 EG-GICUC
005 20260419102733.0
008 260419s1953 it |||fr|||| 001 0 ita d
040 _aEG-GiCUC
_bita
_cEG-GiCUC
_dEG-GiCUC
_erda
041 _aita
082 0 4 _221
_a343.3.045
_bSA . T
092 0 4 _221
099 _aLaw1 10 343.3.045 1953
100 1 _aSabatini, Giuseppe
_eAuthor.
245 1 0 _aTrattato Dei Procedimenti Incidentali Nel Processo Penale /
_cGiuseppe Sabatini.
264 1 _aItalia :
_bUnione Tipografico- Editrice Torinese,
_c1953.
300 _a883 pages ;
_c24 cm
336 _2rda content
_atext
337 _2rda media
_aComputer
338 _2rda carrier
_aOnline Resource
500 _aInclude Index
546 _a Text in Italian
650 1 4 _aCodice di procedura penale
_2qrmak
651 1 _2qrmak
856 4 0 _uhttps://fll.law.cu.edu.eg/fulltext/bks/B10-10357.pdf
905 _a161
942 _2ddc
_cBK
_e21
_n0
999 _c71802
_d71802